Catálogo
 En Linea

"Señor Burky" : (Registro nro. 33678)

Detalles MARC
000 -CABECERA
campo de control de longitud fija 00451nam a2200145 a 4500
001 - NÚMERO DE CONTROL
campo de control 000034187
005 - FECHA Y HORA DE LA ÚLTIMA TRANSACCIÓN
campo de control 20200930070841.0
008 - DATOS DE LONGITUD FIJA--INFORMACIÓN GENERAL
campo de control de longitud fija 110927s1935 fr 000 0 spa d
040 ## - FUENTE DE LA CATALOGACIÓN
Centro catalogador/agencia de origen DO-SdBNP
Lengua de catalogación spa
Centro/agencia transcriptor BNPHU
049 ## - FONDOS LOCALES (OCLC)
Fondos de biblioteca BNPD
100 1# - ENTRADA PRINCIPAL--NOMBRE DE PERSONA
Nombre de persona Burke, William P.,
Fechas asociadas al nombre 1880-
9 (RLIN) 59617
245 10 - MENCIÓN DE TÍTULO
Título "Señor Burky" :
Resto del título the adventurous life-story of William P. Burke /
Mención de responsabilidad, etc. Burke William P.
260 ## - PUBLICACIÓN, DISTRIBUCIÓN, ETC.
Lugar de publicación, distribución, etc. London :
Nombre del editor, distribuidor, etc. George G. Harrap,
Fecha de publicación, distribución, etc. 1935.
300 ## - DESCRIPCIÓN FÍSICA
Extensión 370 p. ;
Dimensiones 23 cm.
Existencias
Estado de retiro Estado de pérdida Restricciones de uso No para préstamo Código de colección Localización permanente Ubicación/localización actual Ubicación en estantería Fecha de adquisición Número de inventario Total de préstamos Signatura topográfica completa Código de barras Fecha visto por última vez Precio válido a partir de Tipo de ítem Koha
      Excluido de préstamo Raros y valiosos General General En catalogación 27.09.2011 LF1   34187-10 25.06.2020 25.06.2020 No se presta

Con tecnología Koha